000 00684cam a2200217 a 4500
001 000018341
005 20200929165450.0
008 880805s1961 sp 000 f spa d
040 _aDO-SdBNP
_cCarP
_dDLC
_dBNPHU
082 _a863.6
_bC216i
100 1 _aCandel, Francisco,
_d1925-2007.
_939730
245 1 4 _aLos importantes :
_bpueblo /
_cFrancisco Candel Tortajada.
260 _aBarcelona :
_bDestino,
_c1961.
300 _a254 p. ;
_c19 cm.
490 1 _aÁncora y delfín
_v205
650 4 _aNovela española
_91123
650 4 _aLiteratura española
_ySIGLO XX
_93326
830 0 _aÁncora y delfín ;
_v205.
_94704
910 _aCatalogación por derivada / LC
049 _aBNGR
999 _c17862
_d17862